[Event "Eastern op 43rd"]
[Site "Bethesda"]
[Date "2016.12.28"]
[Round "3"]
[White "Collier, Philip M"]
[Black "Moorthy, Srinivas R"]
[Result "1-0"]
[WhiteElo "1805"]
[BlackElo "1920"]
[PlyCount "63"]
[EventDate "2016.12.27"]
[EventType "swiss"]
[EventRounds "7"]
[EventCountry "USA"]
[SourceTitle "CBM 176 Extra"]
[Source "ChessBase"]
[SourceDate "2017.03.02"]
[SourceVersion "1"]
[SourceVersionDate "2017.03.02"]
[SourceQuality "1"]

1. e4 c6 2. d4 d5 3. Nc3 dxe4 4. Nxe4 Bf5 5. Ng3 Bg6 6. Bc4 Nf6 7. N1e2 e6 8. Nf4 Nd5 9. c3 Nxf4 10. Bxf4 Nd7 11. Qe2 Be7 12. Ne4 Nb6 13. Bb3 0-0 14. Rd1 Nd5 15. Be5 b6 16. 0-0 Nf6 17. Ng5 Nd5 18. Nf3 h6 19. Bg3 Qc8 20. Ne5 Bh7 21. Rfe1 Qb7 22. c4 Nf6 23. Bh4 Bb4 24. Rf1 Nd7 25. Ng4 b5 26. d5 exd5 27. cxb5 Rae8 28. bxc6 Rxe2 29. cxb7 g5 30. Nxh6+ Kg7 31. Bxg5 Ne5 32. Bf4 1-0